| 000 | 00467nam a2200193Ia 4500 | ||
|---|---|---|---|
| 005 | 20230325110535.0 | ||
| 008 | 131103s9999 xx 000 0 und d | ||
| 020 | _cRs.8 | ||
| 040 | _aLoreto College | ||
| 041 | _aEnglish | ||
| 082 |
_a891.443 _bCHA |
||
| 100 | _aChakravorty, S.K. | ||
| 245 |
_aRomani bikha _cS.K.Chakravorty |
||
| 260 |
_aKolkata _bRangan prakasoni _c1958 |
||
| 300 | _a335p. | ||
| 650 | _aBengali fiction | ||
| 850 | _aLCLIB | ||
| 942 | _cBK | ||
| 999 |
_c21728 _d72207 |
||